000 00602nam a22002177a 4500
003 OSt
005 20150907141218.0
008 150907b xxu||||| |||| 00| 0 eng d
020 _a9780071315814
040 _cDDC
082 _a657 SPI 2014
100 _aSpiceland, David J.
_95667
245 _aFinancial accounting
250 _a3rd ed.
260 _aNew York;
_bMcGraw hill
_c2014
300 _axxxviii,613p;
_bcol.ill:
_c28cm
504 _aAppendices, references, & index included
650 _aFinancial accounting
_95655
700 _aThomas, Wayne ; Hermann, Don
_95668
942 _2z
_cO_SHELF
999 _c2228
_d2228